Az öntöde nem gyárt olajkályha alkatrészt
Elmentve itt :
| Szerző: | |
|---|---|
| Dokumentumtípus: | Cikk |
| Megjelent: |
1971-01-09
|
| Sorozat: | Délmagyarország
61 No. 7 |
| Kulcsszavak: | Vasöntöde |
| Online Access: | http://dmarchiv.bibl.u-szeged.hu/106968 |
| LEADER | 00462nab a2200157 i 4500 | ||
|---|---|---|---|
| 001 | delm106968 | ||
| 005 | 20190430092635.0 | ||
| 008 | 190430s1971 hu o 0|| hun d | ||
| 040 | |a SZTE Délmagyarország Archívum |b hun | ||
| 041 | |a hun | ||
| 100 | 1 | |a Matkó István | |
| 245 | 1 | 3 | |a Az öntöde nem gyárt olajkályha alkatrészt |h [elektronikus dokumentum] / |c Matkó István |
| 260 | |c 1971-01-09 | ||
| 300 | |a 6 | ||
| 490 | 0 | |a Délmagyarország |v 61 No. 7 | |
| 695 | |a Vasöntöde | ||